[Event "NRW Class2 1112"]
[Site "Germany"]
[Date "2012.04.29"]
[Round "9.5"]
[White "Fischer, Eckhard"]
[Black "Weyrauch, Erich"]
[Result "0-1"]
[WhiteElo "1765"]
[BlackElo "1991"]
[PlyCount "64"]
[EventDate "2011.09.18"]
[EventType "team-tourn"]
[EventRounds "9"]
[EventCountry "GER"]
[SourceTitle "EXT 2015"]
[Source "ChessBase"]
[SourceDate "2014.11.20"]
[SourceVersion "1"]
[SourceVersionDate "2014.11.20"]
[SourceQuality "1"]
[WhiteTeam "Herford"]
[BlackTeam "Letmathe"]
[WhiteTeamCountry "GER"]
[BlackTeamCountry "GER"]

1. e4 c5 2. Nf3 d6 3. Bb5+ Nc6 4. d4 cxd4 5. Nxd4 Bd7 6. 0-0 Nf6 7. Re1 g6 8. Bg5 Bg7 9. Nc3 0-0 10. a3 Nxd4 11. Qxd4 Bxb5 12. Nxb5 Nd7 13. Qb4 a5 14. Qd2 Bxb2 15. Rab1 Bf6 16. Rb3 Rc8 17. h4 Rc5 18. a4 Qc8 19. Re2 Rc4 20. Bh6 Re8 21. h5 Rxa4 22. hxg6 Ra1+ 23. Re1 Rxe1+ 24. Qxe1 hxg6 25. Qe2 Qc6 26. Rh3 Rc8 27. c3 Qc4 28. Qg4 Ne5 29. Qg3 Qxb5 30. Bg5 Bxg5 31. f4 Bf6 32. fxe5 Qc5+ 0-1